Visualizzazione normale
Vista MARC
- Moneda
di Topical Term
Records bibliografici associati: 2
001 - CONTROL NUMBER
- control field: 10941
003 - CONTROL NUMBER IDENTIFIER
- control field: IT-RoINE
005 - DATE AND TIME OF LATEST TRANSACTION
- control field: 20141023151515.0
008 - FIXED-LENGTH DATA ELEMENTS
- fixed length control field: 140730|| aca||aabn | a|a d
040 ## - CATALOGING SOURCE
- Original cataloging agency: IT-RoINE
- Transcribing agency: IT-RoINE
150 ## - HEADING--TOPICAL TERM
- Topical term or geographic name as entry element: Moneda
- Geographic subdivision: España
- General subdivision: Historia
670 ## - SOURCE DATA FOUND
- Source citation: Work cat.: (IT-RoINE)0: Mateu y Llopis, Felipe, 8478 1901-1998, Les relacions del Principat de Catalunya i els Regnes de València i Mallorca amb Anglaterra i el parallelisme monetari d'aquests països durant els segles XIII, XIV i XV :, 1934.